=LDR 00000nam 2200000 4500 =001 INLIS000000000017022 =005 20130612112226 =008 ***********************************Ind** =035 ##$$0010-061300000017022 =041 ##$$a Ind =082 ##$$a 2x3.46 =090 ##$$a 2x3.46, Sya n =100 ##$$a Sya'ban, Helmi Ali =245 ##$$a Nabi Hud, seri para nabi, Helmi Ali Sya'ban penerjemah, Muhammad Nursyahid =260 ##$$a 2004 $b Yogyakarta =300 ##$$a 106 hlm, 20 cm =650 ##$$a Cerita nabi =700 ##$$a Nursyahid, Muhammad =850 ##$$a NBPNMAT